Lịch sử tư tưởng kinh tế; T2 - Các tác giả đương đại = Histoire des pensées économiques: Les contemporains

Gespeichert in:
Bibliographische Detailangaben
1. Verfasser: Maurice Baslé et al.
Format: Buch
Sprache:Undetermined
Veröffentlicht: Hà Nội KHXH 1996
Schlagworte:
Tags: Tag hinzufügen
Keine Tags, Fügen Sie den ersten Tag hinzu!
Thư viện lưu trữ: Trung tâm Học liệu Trường Đại học Cần Thơ
LEADER 00602nam a2200181Ia 4500
001 CTU_16825
008 210402s9999 xx 000 0 und d
082 |a 330.153 
082 |b L302/T2 
100 |a Maurice Baslé et al. 
245 0 |a Lịch sử tư tưởng kinh tế; T2 - Các tác giả đương đại 
245 0 |b = Histoire des pensées économiques: Les contemporains 
245 0 |c Maurice Baslé et al. 
260 |a Hà Nội 
260 |b KHXH 
260 |c 1996 
650 |a classical school of economics 
980 |a Trung tâm Học liệu Trường Đại học Cần Thơ